00696pam a2200205 a 4500001001000000003000300010005001700013008004100030020001800071082001900089100002000108245005900128250001200187260004600199300003400245500010300279504006600382650001700448650002500465015380157Uk20220407110506.0110129s2010 enka b 001 0 eng  a978019921542304a551.6 MCI 20101 aMcIlveen, Robin10aFundamentals of weather and climate /cRobin McIlveen. a2nd ed. aOxford :bOxford University Press,c2010. axxv, 632 p. :bill. ;c25 cm. aOriginally published in 1986 as Basic meteorology: a physical outline, 1st ed. of this title 1992. aIncludes bibliographical references (p. [619]-623) and index. 0aMeteorology. 0aAtmospheric physics.